80 plats "nationaux" en images (2) - Statistiques

Statistiques générales
  • Ce quiz a été pris 65 fois
  • Le résultat moyen est 4 sur 20
Statistiques - réponses
Par images Hint Réponse % Correct
Blanquette de veau / Europe France
96%
Poulet à la Kiev / Europe Ukraine
75%
Smörrebröd / Europe Danemark
39%
Wagashi / Asie Japon
32%
Attiéké / Afrique Côte d'Ivoire
23%
Escudella i carn d'olla / Europe Andorre
21%
murgh makhani / Asie Inde
14%
Sate / Asie Malaisie
14%
Stamppot / Europe Pays-Bas
11%
Ajiaco / Amérique Colombie
9%
Jambon de Njeguši / Europe Monténégro
9%
Barbajuan / Europe Monaco
7%
Khorovats / Asie Arménie
5%
Tumpeng / Asie Indonésie
5%
Cepelinai / Europe Lituanie
4%
Bigos / Europe Pologne
4%
Flia / Europe Albanie
2%
Ema datshi / Asie Bhoutan
2%
Matooke / Afrique Ouganda
2%
Mohinga / Asie Birmanie
0%
Aucun quiz correspondant
Distribution des résultats
% des personnes avec chaque résultat
Percentile par nombre de réponses
Votre historique - résultats
Vous n’avez pas pris ce quiz